Segundo informe sobre desarrollo humano en Centroamerica y Panama/ (Record no. 546)

MARC details
000 -LEADER
campo de control de longitud fija 00634nam a22001457a 4500
008 - DATOS DE LONGITUD FIJA--INFORMACIÓN GENERAL
campo de control de longitud fija 150424b xxu||||| |||| 00| 0 eng d
020 ## - NÚMERO INTERNACIONAL ESTÁNDAR DEL LIBRO
Número Internacional Estándar del Libro 9968806234
082 ## - NÚMERO DE LA CLASIFICACIÓN DECIMAL DEWEY
Número de clasificación 338.972.86
Número de ítem S 456s
110 ## - ENTRADA PRINCIPAL--NOMBRE DE ENTIDAD CORPORATIVA
Nombre de entidad corporativa o nombre de jurisdicción como elemento de entrada Proyecto Estado de la Region-PNUD
9 (RLIN) 2501
245 ## - MENCIÓN DEL TÍTULO
Título Segundo informe sobre desarrollo humano en Centroamerica y Panama/
Resto del título Proyecto estado de la region
Mención de responsabilidad, etc. Proyecto Estado de la Region-PNUD
260 ## - PUBLICACIÓN, DISTRIBUCIÓN, ETC.
Lugar de publicación, distribución, etc. San José, Costa Rica
Nombre del editor, distribuidor, etc. Proyecto Estado de la Nación
Fecha de publicación, distribución, etc. 2003
300 ## - DESCRIPCIÓN FÍSICA
Extensión 444 p.
Otras características físicas ill. (col) map
Dimensiones 28 cm
650 ## - PUNTO DE ACCESO ADICIONAL DE MATERIA--TÉRMINO DE MATERIA
Subdivisión general Politica Economica
-- Desarrollo Social
Subdivisión geográfica America Central
-- Panama
9 (RLIN) 2502
710 ## - ENTRADA AGREGADA--NOMBRE DE ENTIDAD CORPORATIVA
Nombre de entidad corporativa o nombre de jurisdicción como elemento de entrada Proyecto Estado de la Region - PNUD
9 (RLIN) 2503
Holdings
Estatus retirado Estado de pérdida Fuente del sistema de clasificación o colocación Estado de daño No para préstamo Biblioteca de origen Biblioteca actual Ubicación en estantería Fecha de adquisición Total de préstamos Signatura topográfica completa Código de barras Visto por última vez Precio de reemplazo Tipo de ítem Koha
    Clasificación Decimal Dewey     Biblioteca LadoV Biblioteca LadoV   24/04/2015   338.972.86 S 456s 000417 24/04/2015 24/04/2015 Material 01